[Event "AUTO-ADV-4936"]
[Site "http://www.queenalice.com/game.php?id=1873358"]
[Date "2026.5.13"]
[Round "1"]
[White "askasl159"]
[Black "altair"]
[Result "1-0"]
[WhiteElo "1877"]
[BlackElo "1827"]

1. e4 e5 2. f4 f6 3. Nf3 exf4 4. Bc4 Nc6 5. d4 g5 6. b3 Bb4+ 7. Nbd2 d6 8. Bb2
Qe7 9. Qe2 Bd7 10. O-O-O O-O-O 11. Bxg8 Rhxg8 12. g3 Bxd2+ 13. Rxd2 g4 14. Nh4
fxg3 15. hxg3 Qf7 16. d5 Nb4 17. Kb1 Rde8 18. Rf1 f5 19. e5 Nxd5 20. Qc4 Be6 21.
Qd3 Rd8 22. Nxf5 Qd7 23. exd6 cxd6 24. Qc4+ Qc6 25. Ne7+ Nxe7 26. Qxe6+ Rd7 27.
Rdf2 Rg6 28. Rf8+ Kc7 29. Qf7 Kb6 30. Bd4+ Ka6 31. Qf2 b6 32. Qe2+ Kb7 33. Re8
Nd5 34. Rff8 b5 35. Rb8+ Ka6 36. Rfc8 Rc7 37. Rxc7 Nxc7 38. a4 Re6 39. axb5+
Nxb5 40. Qxe6 Nxd4 41. Qc4+ Qxc4 42. bxc4 Nc6 43. Rb5 Nd4 44. Rd5 Ne2 45. Rxd6+
Ka5 46. Rd7 a6 47. Kb2 Kb4 48. Rxh7 Kxc4 49. Rh4 Nxg3 50. Rxg4+ Kb5 51. Rxg3 1-0

[Event "AUTO-ADV-4936"]
[Site "http://www.queenalice.com/game.php?id=1873359"]
[Date "2026.5.13"]
[Round "1"]
[White "altair"]
[Black "askasl159"]
[Result "0-1"]
[WhiteElo "1828"]
[BlackElo "1862"]

1. e4 e5 2. Nf3 Nc6 3. a3 Nf6 4. d3 h6 5. Be2 Bc5 6. h3 O-O 7. Bd2 d5 8. Bc3 d4
9. Bd2 Be6 10. O-O a6 11. c3 dxc3 12. Bxc3 Qd6 13. Nbd2 Nh5 14. Nc4 Bxc4 15.
dxc4 Bd4 16. Nxd4 exd4 17. Bb4 Nxb4 18. axb4 Nf6 19. Bf3 c5 20. bxc5 Qxc5 21.
Rc1 Rfe8 22. Re1 Re5 23. b3 Rd8 24. Qd2 a5 25. Qd3 Nh5 26. Bxh5 Rxh5 27. Kh1 Re5
28. f4 Re7 29. e5 b6 30. Re4 Red7 31. f5 b5 32. e6 fxe6 33. fxe6 Re7 34. Rf1
bxc4 35. bxc4 Rd6 36. Rf7 Rexe6 37. Rxe6 Rxe6 38. Rf5 Re1+ 39. Kh2 Qd6+ 40. Qg3
Rh1+ 0-1

[Event "AUTO-OPEN-4652"]
[Site "http://www.queenalice.com/game.php?id=1873457"]
[Date "2026.5.15"]
[Round "1"]
[White "josebaron"]
[Black "askasl159"]
[Result "1-0"]
[WhiteElo "2189"]
[BlackElo "1836"]

1. e4 e5 2. Nf3 Nc6 3. Bb5 Nge7 4. O-O a6 5. Bxc6 Nxc6 6. d4 exd4 7. Nxd4 Ne5 8.
Nf3 Nxf3+ 9. Qxf3 h6 10. e5 d5 11. exd6 Bxd6 12. Re1+ Be6 13. Qxb7 O-O 14. Nc3
Bc4 15. Qe4 Bb5 16. Nxb5 axb5 17. Qg4 Qf6 18. c3 Rae8 19. Rxe8 Rxe8 20. Be3 g5
21. Qd7 Qe5 22. g3 b4 23. Bd4 Qe7 24. Qxe7 Rxe7 25. cxb4 Bxb4 26. a3 Bd6 27. a4
c5 28. Bc3 Kh7 29. a5 Ra7 30. a6 Kg6 31. Kg2 f5 32. h3 h5 33. f3 Kf7 34. Bd2 g4
35. Be3 Ke6 36. b4 Ra8 37. Bxc5 Bxc5 38. bxc5 Kd5 39. Ra5 Kc6 40. fxg4 fxg4 41.
hxg4 hxg4 42. Kf2 1-0

[Event "AUTO-OPEN-4652"]
[Site "http://www.queenalice.com/game.php?id=1873458"]
[Date "2026.5.15"]
[Round "1"]
[White "askasl159"]
[Black "josebaron"]
[Result "1/2-1/2"]
[WhiteElo "1758"]
[BlackElo "2210"]

1. e4 e5 2. f4 exf4 3. Nf3 d6 4. d4 Be7 5. Bxf4 Bg4 6. Nbd2 Nf6 7. Bc4 O-O 8.
O-O c6 9. h3 Bxf3 10. Qxf3 h6 11. e5 dxe5 12. Bxe5 Nbd7 13. Ne4 Kh8 1/2-1/2

[Event "AUTO-OPEN-4652"]
[Site "http://www.queenalice.com/game.php?id=1873467"]
[Date "2026.5.15"]
[Round "1"]
[White "zubarev"]
[Black "askasl159"]
[Result "0-1"]
[WhiteElo "1998"]
[BlackElo "1840"]

1. d4 d5 2. Nc3 g6 3. Nf3 Bg7 4. e3 c5 5. Be2 Nc6 6. O-O e5 7. dxe5 Nge7 8. Bb5
a6 9. Bxc6+ bxc6 10. Bd2 O-O 11. Na4 c4 12. Bc3 Bd7 13. Nc5 Ra7 14. Bd4 Nf5 15.
e6 Bxe6 16. Nxe6 fxe6 17. Bxg7 Kxg7 18. c3 c5 19. Ne5 Qc7 20. Rb1 Qxe5 21. Qa4
Nd6 22. Qc6 Ne4 23. Rbd1 Rff7 24. f3 Rfc7 25. Qe8 Nf6 26. Qa4 Qxe3+ 27. Kh1 Re7
28. Qc2 d4 29. Qa4 Nd5 30. Qxc4 dxc3 31. bxc3 Qg5 32. Rf2 Ne3 33. Qe2 Red7 34.
Re1 Nd5 35. Qc4 Nb6 36. Qb3 Rd6 37. Kg1 Rad7 38. h3 c4 39. Qa3 Nd5 40. Re4 Ne3
41. Re2 Rd1+ 42. Kf2 Qxg2+ 43. Kxe3 R1d3+ 44. Kf4 Rf7+ 45. Ke5 Qg5+ 46. Kxe6
Qf6# 0-1

[Event "AUTO-OPEN-4652"]
[Site "http://www.queenalice.com/game.php?id=1873468"]
[Date "2026.5.15"]
[Round "1"]
[White "askasl159"]
[Black "zubarev"]
[Result "0-1"]
[WhiteElo "1850"]
[BlackElo "2006"]

1. e4 e5 2. f4 d6 3. Bc4 Be7 4. Nf3 Nf6 5. Nc3 O-O 6. fxe5 dxe5 7. O-O Nc6 8. a3
Bg4 9. h3 Bh5 10. g4 Bg6 11. d3 Nd4 12. Nh4 Kh8 13. Be3 Ne6 14. Nd5 Nxd5 15.
Bxd5 c6 16. Bxe6 Bxh4 17. Bf5 Bxf5 18. Rxf5 h6 19. Rxe5 Bf6 20. Rf5 Qd6 21. Qf3
b6 22. Bxh6 Bxb2 23. Ra2 gxh6 24. Rxb2 Qd4+ 25. Qf2 Qxb2 26. a4 Qa2 27. Kg2 Rad8
28. Kg3 Rd7 29. d4 Qxa4 30. d5 Qxe4 31. dxc6 Qxc6 32. Rf6 Qc3+ 33. Kh4 Kg7 34.
Rf3 Qc6 35. Rf5 a5 36. Qf4 a4 37. Kh5 a3 38. g5 a2 39. gxh6+ Kh7 40. Rf6 Rd5+
41. Kh4 Qe8 42. Qg4 Rg8 43. Qf3 Rd4+ 44. Kh5 Rd7 45. Qf5+ Kh8 46. h7 Qe2+ 47.
Kh4 Rd4+ 0-1

[Event "AUTO-OPEN-4654"]
[Site "http://www.queenalice.com/game.php?id=1874077"]
[Date "2026.5.29"]
[Round "1"]
[White "askasl159"]
[Black "cerenzo72"]
[Result "0-1"]
[WhiteElo "1883"]
[BlackElo "2139"]

1. e4 e5 2. f4 d5 3. exd5 exf4 4. Nf3 Nf6 5. d4 Nxd5 6. Bc4 Bg4 7. O-O Be7 8.
Bxd5 Qxd5 9. Bxf4 c5 10. Nc3 Qc6 11. d5 Qb6 12. Na4 Qb4 13. b3 Qxf4 14. h3 Bh5
15. Qe2 Bxf3 16. Qxf3 Qxf3 17. Rxf3 O-O 18. Raf1 Nd7 19. c4 Bf6 20. Nc3 Rae8 21.
Nb5 a6 22. Nd6 Rb8 23. Ne4 Bd4+ 24. Kh1 Ne5 25. Rg3 f5 26. Ng5 f4 27. Ne6 fxg3
28. Nxf8 Rxf8 29. Rxf8+ Kxf8 30. a3 Nd3 31. h4 a5 32. d6 Bf6 33. h5 Kf7 34. Kg1
Ke6 35. Kf1 Kxd6 36. Ke2 Nf4+ 37. Kf3 Nxh5 38. Kg4 g6 39. a4 Ke5 40. Kf3 Kd4 0-1

[Event "AUTO-OPEN-4654"]
[Site "http://www.queenalice.com/game.php?id=1874078"]
[Date "2026.5.29"]
[Round "1"]
[White "cerenzo72"]
[Black "askasl159"]
[Result "0-1"]
[WhiteElo "2149"]
[BlackElo "1918"]

1. c4 e5 2. e4 Nf6 3. Nc3 Bc5 4. Nf3 Nc6 5. Be2 h6 6. O-O O-O 7. a3 a6 8. b4 Bd4
9. Nxd4 exd4 10. Nd5 Ne5 11. d3 c6 12. Nb6 Qxb6 13. c5 Qc7 14. Bb2 d6 15. Bxd4
dxc5 16. bxc5 Re8 17. f4 Ned7 18. e5 Nd5 19. Bh5 b6 20. cxb6 N7xb6 21. f5 Nd7
22. e6 Re7 23. exf7+ Kf8 24. Bxg7+ Kxg7 25. Qg4+ Kf6 26. Qd4+ Re5 27. Rae1 Nf8
28. Qh4+ Kg7 29. Re4 Rxe4 30. dxe4 Nf6 31. Bg6 Bd7 32. Re1 Nxg6 33. fxg6 Qe5 34.
h3 Kxg6 35. Re3 Kxf7 36. Qxh6 Rg8 37. Rf3 Rg6 38. Qh8 Qg5 39. Rf2 Rh6 40. Qd8
Ke6 41. Kh1 Qc1+ 42. Kh2 Ng4+ 43. Kg3 Nxf2 44. Kxf2 Rf6+ 0-1